000 00453nam a2200181Ia 4500
001 13094
005 20260306163028.0
008 260306t1981||||xx |||||||||||||| ||spa||
041 _aESP
082 _aRE 036
_bM63 V. 8
100 _aEncyclopaedia Britannica do Brasil Publicações
_eAUT
245 0 _aEnciclopédia mirador internacional
260 _c1981
300 _a
_c29 cm.
650 _aGEN
654 _aCHU
942 _cLIB
_dJUS
_fJUS
_2ddc
_n
999 _c13094
_d13094